<?xml version="1.0" encoding="UTF-8"?>
<record
    xmlns:xsi="http://www.w3.org/2001/XMLSchema-instance"
    xsi:schemaLocation="http://www.loc.gov/MARC21/slim http://www.loc.gov/standards/marcxml/schema/MARC21slim.xsd"
    xmlns="http://www.loc.gov/MARC21/slim">

  <leader>00806nam a22001577a 4500</leader>
  <controlfield tag="003">OSt</controlfield>
  <controlfield tag="005">20161130095604.0</controlfield>
  <controlfield tag="008">161130b        xxu||||| |||| 00| 0 eng d</controlfield>
  <datafield tag="040" ind1=" " ind2=" ">
    <subfield code="c">RUA</subfield>
  </datafield>
  <datafield tag="082" ind1=" " ind2=" ">
    <subfield code="a">GRS SOK 2015 B542 Or.1</subfield>
  </datafield>
  <datafield tag="100" ind1=" " ind2=" ">
    <subfield code="9">11457</subfield>
    <subfield code="a">SOK KEASNA; &#x179F;&#x17BB;&#x1781; &#x179C;&#x17B6;&#x179F;&#x1793;&#x17B6;</subfield>
  </datafield>
  <datafield tag="245" ind1=" " ind2=" ">
    <subfield code="a">The need of tube well maintenance in water supply project ii in svay commune, samaki meanchey district, kampong chhnang province, &#x178F;&#x1798;&#x17D2;&#x179A;&#x17BC;&#x179C;&#x1780;&#x17B6;&#x179A;&#x1787;&#x17BD;&#x179F;&#x1787;&#x17BB;&#x179B;&#x17A2;&#x178E;&#x17D2;&#x178A;&#x17BC;&#x1784;&#x179F;&#x17D2;&#x1793;&#x1794;&#x17CB;&#x179A;&#x1794;&#x179F;&#x17CB;&#x1782;&#x1798;&#x17D2;&#x179A;&#x17C4;&#x1784;&#x1791;&#x17B9;&#x1780;&#x179F;&#x17D2;&#x17A2;&#x17B6;&#x178F;&#x1791;&#x17B8;&#x17E2; &#x1780;&#x17D2;&#x1793;&#x17BB;&#x1784;&#x1783;&#x17BB;&#x17C6;&#x179F;&#x17D2;&#x179C;&#x17B6;&#x1799; &#x179F;&#x17D2;&#x179A;&#x17BB;&#x1780;&#x179F;&#x17B6;&#x1798;&#x1782;&#x17D2;&#x1782;&#x17B8;&#x1798;&#x17B6;&#x1793;&#x1787;&#x17D0;&#x1799; &#x1781;&#x17C1;&#x178F;&#x17D2;&#x178F;&#x1780;&#x17C6;&#x1796;&#x1784;&#x17CB;&#x1786;&#x17D2;&#x1793;&#x17B6;&#x17C6;&#x1784;</subfield>
  </datafield>
  <datafield tag="260" ind1=" " ind2=" ">
    <subfield code="a">Phnom Penh</subfield>
    <subfield code="b">SOK</subfield>
    <subfield code="c">2015</subfield>
  </datafield>
  <datafield tag="300" ind1=" " ind2=" ">
    <subfield code="a">vii,34p.</subfield>
    <subfield code="b">ill.</subfield>
    <subfield code="c">29cm.</subfield>
  </datafield>
  <datafield tag="942" ind1=" " ind2=" ">
    <subfield code="2">ddc</subfield>
    <subfield code="c">GRS</subfield>
  </datafield>
  <datafield tag="999" ind1=" " ind2=" ">
    <subfield code="c">11012</subfield>
    <subfield code="d">11012</subfield>
  </datafield>
  <datafield tag="952" ind1=" " ind2=" ">
    <subfield code="0">0</subfield>
    <subfield code="1">0</subfield>
    <subfield code="2">ddc</subfield>
    <subfield code="4">0</subfield>
    <subfield code="6">GRS_SOK_2015_000000000000000_B542_OR_1</subfield>
    <subfield code="7">0</subfield>
    <subfield code="9">58212</subfield>
    <subfield code="a">LBB</subfield>
    <subfield code="b">LBB</subfield>
    <subfield code="c">B542</subfield>
    <subfield code="d">2016-11-30</subfield>
    <subfield code="o">GRS SOK 2015 B542 Or.1</subfield>
    <subfield code="p">A03491</subfield>
    <subfield code="r">2016-11-30</subfield>
    <subfield code="w">2016-11-30</subfield>
    <subfield code="y">GRS</subfield>
  </datafield>
  <datafield tag="952" ind1=" " ind2=" ">
    <subfield code="0">0</subfield>
    <subfield code="1">0</subfield>
    <subfield code="2">ddc</subfield>
    <subfield code="4">0</subfield>
    <subfield code="6">GRS_SOK_2015_000000000000000_B542_OR_2</subfield>
    <subfield code="7">0</subfield>
    <subfield code="9">58213</subfield>
    <subfield code="a">LBB</subfield>
    <subfield code="b">LBB</subfield>
    <subfield code="c">B542</subfield>
    <subfield code="d">2016-11-30</subfield>
    <subfield code="o">GRS SOK 2015 B542 Or.2</subfield>
    <subfield code="p">A03306</subfield>
    <subfield code="r">2016-11-30</subfield>
    <subfield code="w">2016-11-30</subfield>
    <subfield code="y">GRS</subfield>
  </datafield>
  <datafield tag="952" ind1=" " ind2=" ">
    <subfield code="0">0</subfield>
    <subfield code="1">0</subfield>
    <subfield code="2">ddc</subfield>
    <subfield code="4">0</subfield>
    <subfield code="6">GRS_SOK_2015_000000000000000_B542_OR_3</subfield>
    <subfield code="7">0</subfield>
    <subfield code="9">58214</subfield>
    <subfield code="a">LBB</subfield>
    <subfield code="b">LBB</subfield>
    <subfield code="c">B542</subfield>
    <subfield code="d">2016-11-30</subfield>
    <subfield code="o">GRS SOK 2015 B542 Or.3</subfield>
    <subfield code="p">A04227</subfield>
    <subfield code="r">2016-11-30</subfield>
    <subfield code="w">2016-11-30</subfield>
    <subfield code="y">GRS</subfield>
  </datafield>
  <datafield tag="952" ind1=" " ind2=" ">
    <subfield code="0">0</subfield>
    <subfield code="1">0</subfield>
    <subfield code="2">ddc</subfield>
    <subfield code="4">0</subfield>
    <subfield code="6">GRS_SOK_2015_000000000000000_B542_OR_4</subfield>
    <subfield code="7">0</subfield>
    <subfield code="9">58215</subfield>
    <subfield code="a">LBB</subfield>
    <subfield code="b">LBB</subfield>
    <subfield code="c">B542</subfield>
    <subfield code="d">2016-11-30</subfield>
    <subfield code="o">GRS SOK 2015 B542 Or.4</subfield>
    <subfield code="p">A04220</subfield>
    <subfield code="r">2016-11-30</subfield>
    <subfield code="w">2016-11-30</subfield>
    <subfield code="y">GRS</subfield>
  </datafield>
  <datafield tag="952" ind1=" " ind2=" ">
    <subfield code="0">0</subfield>
    <subfield code="1">0</subfield>
    <subfield code="2">ddc</subfield>
    <subfield code="4">0</subfield>
    <subfield code="6">GRS_SOK_2015_000000000000000_B542_OR_5</subfield>
    <subfield code="7">0</subfield>
    <subfield code="9">58216</subfield>
    <subfield code="a">LBB</subfield>
    <subfield code="b">LBB</subfield>
    <subfield code="c">B542</subfield>
    <subfield code="d">2016-11-30</subfield>
    <subfield code="o">GRS SOK 2015 B542 Or.5</subfield>
    <subfield code="p">A03490</subfield>
    <subfield code="r">2016-11-30</subfield>
    <subfield code="w">2016-11-30</subfield>
    <subfield code="y">GRS</subfield>
  </datafield>
  <datafield tag="952" ind1=" " ind2=" ">
    <subfield code="0">0</subfield>
    <subfield code="1">0</subfield>
    <subfield code="2">ddc</subfield>
    <subfield code="4">0</subfield>
    <subfield code="6">GRS_SOK_2015_000000000000000_B542_OR_6</subfield>
    <subfield code="7">0</subfield>
    <subfield code="9">58217</subfield>
    <subfield code="a">LBB</subfield>
    <subfield code="b">LBB</subfield>
    <subfield code="c">B542</subfield>
    <subfield code="d">2016-11-30</subfield>
    <subfield code="o">GRS SOK 2015 B542 Or.6</subfield>
    <subfield code="p">A03876</subfield>
    <subfield code="r">2016-11-30</subfield>
    <subfield code="w">2016-11-30</subfield>
    <subfield code="y">GRS</subfield>
  </datafield>
  <datafield tag="952" ind1=" " ind2=" ">
    <subfield code="0">0</subfield>
    <subfield code="1">0</subfield>
    <subfield code="2">ddc</subfield>
    <subfield code="4">0</subfield>
    <subfield code="6">GRS_SOK_2015_000000000000000_B542_OR_7</subfield>
    <subfield code="7">0</subfield>
    <subfield code="9">58218</subfield>
    <subfield code="a">LBB</subfield>
    <subfield code="b">LBB</subfield>
    <subfield code="c">B542</subfield>
    <subfield code="d">2016-11-30</subfield>
    <subfield code="o">GRS SOK 2015 B542 Or.7</subfield>
    <subfield code="p">A03431</subfield>
    <subfield code="r">2016-11-30</subfield>
    <subfield code="w">2016-11-30</subfield>
    <subfield code="y">GRS</subfield>
  </datafield>
</record>
